10 cars by pictures - Japanese cars - Statistiques

Statistiques générales
  • Ce quiz a été pris 91 fois
  • Le résultat moyen est 7 sur 10
Statistiques - réponses
Par images Réponse % Correct
Nissan Skyline GTR
94%
Toyota Supra
88%
Honda NSX
74%
Lexus LFA
73%
Mazda MX5
73%
Susuki Swift
71%
Toyota Prius
68%
Mazda RX7
64%
Mitsubishi Lancer Evo 10
58%
Subaru WRX STi
55%
Aucun quiz correspondant
Distribution des résultats
% des personnes avec chaque résultat
Percentile par nombre de réponses
Votre historique - résultats
Vous n’avez pas pris ce quiz